| 000 | 00633nam a2200229 a 4500 | ||
|---|---|---|---|
| 999 |
_c1049 _d1049 |
||
| 001 | 1049 | ||
| 003 | BD-JhCC | ||
| 005 | 20171014132449.0 | ||
| 008 | 171014s1999 bg |||| ||a| 000 0 ben d | ||
| 020 | _a9844150957 | ||
| 035 | _a(BD-JhCC)1049 | ||
| 040 |
_aBD-JhCC _dBD-JhCC |
||
| 041 | _aben | ||
| 082 |
_a891.443 _bHUQ 1999 |
||
| 100 | _aহক, কাজী ইমদাদুল | ||
| 245 |
_aআব্দুল্লাহ্ / _cকাজী ইমদাদুল হক |
||
| 260 |
_aঢাকা : _bঅবসর, _c1999. |
||
| 300 |
_a187 p. : _c22 cm. |
||
| 650 | _aBengali Novel | ||
| 942 |
_2ddc _cBK |
||